000 00644nam a2200241 i 4500
001 C2-0292676
003 PPAK
005 20180728024651.0
008 090108s1955 nyu |||| ||||| | eng d
020 _a9781883011035
040 _aPPAK
_beng
_cPPAK
_erda
082 0 4 _a808.88
_223
090 0 0 _a808.88
_bPAI
_dLCK
100 1 _aPaine, Thomas,
_eauthor
245 1 0 _aCollected writings
264 1 _aNew York :
_bThe Library of America ,
_c1955
300 _a906 pages ;
_c21 cm
336 _2rdacontent
_atext
337 _2rdamedia
_aunmediated
338 _2rdacarrier
_avolume
650 1 0 _aLiterature - Collections
942 _ddc
_cB
999 _c97518
_d97518